Privacy Protection versus Advertising Revenues: The Case of Content Publishers

Závislosť vydavateľov digitálneho obsahu (vydavateľských domov) od výnosov z online reklamy. Správanie spotrebiteľov obsahu, ochrana súkromia, blokovanie reklám. Zobrazovanie reklám vydavateľmi obsahu. Vytvorenie rámca na optimalizáciu poskytovania online reklamy na základe empirickej analýzy obsahu...

Descrizione completa

Salvato in:
Dettagli Bibliografici
Autore principale: Miklošík, Andrej
Altri autori: Kuchta, Martin, 1990-, Žák, Štefan, 1971-
Natura: Capitolo di libro
Lingua:inglese
Soggetti:
Tags: Aggiungi Tag
Nessun Tag, puoi essere il primo ad aggiungerne!!

MARC

LEADER 00000nla a2200000 4500
001 0247795
005 20240502083701.7
041 0 |a eng 
044 |a TR 
245 1 0 |a Privacy Protection versus Advertising Revenues: The Case of Content Publishers  |c Andrej Miklosik, Martin Kuchta, Stefan Zak 
520 |a Závislosť vydavateľov digitálneho obsahu (vydavateľských domov) od výnosov z online reklamy. Správanie spotrebiteľov obsahu, ochrana súkromia, blokovanie reklám. Zobrazovanie reklám vydavateľmi obsahu. Vytvorenie rámca na optimalizáciu poskytovania online reklamy na základe empirickej analýzy obsahu 105 webových stránok, nachádzajúcich sa v 7 krajinách. Tri optimalizačné prístupy: marketingový, technický a konverzačný. 
610 2 0 |a marketing 
610 2 0 |a marketing elektronický 
610 2 0 |a reklama 
610 2 0 |a internet 
610 2 0 |a stránky webové 
610 2 0 |a obsah 
610 2 0 |a vydavateľstvá 
610 2 0 |a výnosy 
610 2 0 |a spotrebitelia 
610 2 0 |a správanie spotrebiteľa 
100 1 |a Miklošík, Andrej 
700 1 |a Kuchta, Martin, 1990- 
700 1 |a Žák, Štefan, 1971-